| 000 | 02131nam a2200289 a 4500 | ||
|---|---|---|---|
| 001 | BRCA_9024 | ||
| 005 | 20190320210510.0 | ||
| 008 | 250717s1785----sp-ab#####---#000-0#spa-# | ||
| 041 | _aspa | ||
| 044 | _asp | ||
| 084 |
_aLE14 _b.Q37 1785 |
||
| 245 | 1 | 0 |
_aQuaresma del P. Fr. Antonio Andres, letor de sagrada theologia, escritor publico de su Orden, Regente de Estudios, Calificador del Santo Oficio y custodio actual de su provincia de Descalzos _btomo I: quien lo dedica a Christo crucificado _cdel P. Fr. Antonio Andres, letor de sagrada theologia, escritor publico de su Orden, Regente de Estudios, Calificador del Santo Oficio y Custodio actual de su Provincia de Descalzos |
| 260 |
_aValencia _bPor Benito Monfort _c1785 |
||
| 300 |
_a344 p. (t.1) _c20.8 x 15.3 cm |
||
| 500 | _aCon licencia de Real Consejo | ||
| 500 | _aCon marca de fuego: “Procedencia de la marca: Convento de San Francisco de Querétaro(1). Institución: Orden de Frailes Menores. Provincia de San Pedro y San Pablo de Michoacán. Descripción: Tres iniciales separadas: ´C´, ´S´ y ´Q´ en cuya silueta se agregó el resto del texto: C[onvento] S[an Francisco] Q[uerétaro]. Luego el escudo franciscano de las 5 llagas inscrito en un círculo formado del cordón franciscano. Observaciones: Rafael Sala, Carlos Krausse y David Saavedra Vega la catalogan como perteneciente al Convento de San Francisco de Querétaro. Ubicación de la marca en el libro: Canto superior, inferior y frontal” | ||
| 500 | _aEn portada: Al fin del tercer tomo hay una aplicación de los Sermones de la Quaresma à las Dominicas de entre año. | ||
| 500 | _aEstado físico: presenta encuadernación en pergamino, con lomo semi desprendido y cintas rotas | ||
| 650 | 1 | 4 |
_aSermones de cuaresma _921531 |
| 650 | 1 | 4 |
_aIglesia católica _xSermones _921286 |
| 650 | 1 | 4 |
_aCuaresma _xSermones _921287 |
| 700 | 1 |
_aAntonio Andrés _cFray _921275 |
|
| 700 | 1 |
_aMonfort, Benito _eImpresor _922379 |
|
| 856 | _ahttp://www.marcasdefuego.buap.mx:8180/xmLibris/projects/firebrand/item.jsp?repository=marcas_de_fuego&key=d6defe3d.xml&num=14 | ||
| 902 | _aCFM | ||
| 942 |
_2lcc _cB |
||
| 999 |
_c8675 _d8675 |
||